Humidity acclimation and skin permeability in the lizard Anolis carolinensis (Registro nro. 11707)

Detalles MARC
000 -CABECERA
Campo de control 005200000a22001690004500
090 ## - CLASIFICACIÓN LOCAL
Colección AR
Consecutivo 02645
041 0# - IDIOMA
Código de idioma para texto/pista de sonido o título separado
100 1# - ASIENTO PRINCIPAL--NOMBRE PERSONAL
Nombre personal Kattan, Gustavo H.
245 10 - MENCION DE TITULO
Título Humidity acclimation and skin permeability in the lizard Anolis carolinensis
650 14 - ASIENTO SECUNDARIO DE MATERIA - TERMINO TEMATICO
Término temático o nombre geográfico como elemento de entrada Herpetología
650 14 - ASIENTO SECUNDARIO DE MATERIA - TERMINO TEMATICO
Término temático o nombre geográfico como elemento de entrada Lagartos
650 14 - ASIENTO SECUNDARIO DE MATERIA - TERMINO TEMATICO
Término temático o nombre geográfico como elemento de entrada Fisiología
653 ## - TERMINO DE INDIZACION - NO CONTROLADO
-- Anolis
-- Anolis carolinensis
700 1# - ASIENTO SECUNDARIO - NOMBRE PERSONAL
Nombre personal Lillywhite, Harvey B
773 1# - Item fuente:
Título Physiological Zoology
Especificación de materiales 429
Descripción física 2
Paginas del Articulo 593-606
Lugar, editorial y fecha de publicación 1989
Información sobre la relación 62
942 ## - ELEMENTOS ADICIONALES (KOHA)
Tipo de ítem Artículo
Existencias
Withdrawn status Lost status Damaged status No para préstamo Colección Ubicación Permanente Ubicación actual Fecha de adquisición Datos de publicación Seriada Total Checkouts Número topográfico Inventario / Código de Barras Date last seen Ejemplar Price effective from Forma de adquisición Tipo de material
      No para Préstamo Hemeroteca Bogotá Bogotá 27/02/2015 Fuera de circulación   AR 02645 013059 25/03/2015 1 25/03/2015   Artículo